Normal view
MARC view
- Coutinho, S.C
Entry Personal Name
001 - CONTROL NUMBER
- control field: 56489
003 - CONTROL NUMBER IDENTIFIER
- control field: NUST
005 - DATE AND TIME OF LATEST TRANSACTION
- control field: 20210628201719.0
008 - FIXED-LENGTH DATA ELEMENTS
- fixed length control field: 210628|| aca||aabn | a|a d
040 ## - CATALOGING SOURCE
- Original cataloging agency: NUST
- Transcribing agency: NUST
100 ## - HEADING--PERSONAL NAME
- Personal name: Coutinho, S.C
670 ## - SOURCE DATA FOUND
- Source citation: Work cat.: (NUST): Coutinho, S.C, The mathematics of ciphers ,number theory and rsa cryptography, 1999
